Statistics for Largest Country Subdivisions by Area

Click here to take the quiz!

General Stats

  • This quiz has been taken 27 times
  • The average score is 15 of 20

Answer Stats

CountrySubdivision TypeArea (km2)Subdivision Name% Correct
United StatesState1,717,854Alaska
96%
DenmarkAutonomous territory2,166,086Greenland
96%
AustraliaState1,852,642Queensland
96%
CanadaProvince948,596British Columbia
88%
AustraliaState1,043,514South Australia
88%
AustraliaState2,645,615Western Australia
88%
CanadaTerritory2,093,190Nunavut
85%
CanadaProvince1,076,395Ontario
85%
CanadaProvince1,542,056Quebec
85%
ChinaAutonomous region1,228,400Tibet
85%
AustraliaState809,444New South Wales
81%
AustraliaTerritory1,420,968Northern Territory
81%
CanadaTerritory1,346,106Northwest Territories
77%
BrazilState1,570,947Amazonas
73%
ChinaAutonomous region1,183,000Inner Mongolia
58%
RussiaFederal subject3,103,200Sakha Republic
54%
ChinaAutonomous region1,660,000Xinjiang
54%
BrazilState906,807Mato Grosso
50%
BrazilState1,253,164Pará
50%
RussiaFederal subject2,339,700Krasnoyarsk Krai
42%

Score Distribution

Percentile by Number Answered

Percent of People with Each Score

Your Score History

You have not taken this quiz